000 00379pab a2200145 454500
008 180718b1987 xxu||||| |||| 00| 0 eng d
100 _aIqbal, Badar Alam
245 _aWhy Indian jute products are losing ground in global markets
260 _c1987
300 _a20-2
362 _a22 Aug.
650 _aJute Industry and Trade - India
773 _aCommerce
909 _a11602
999 _c11602
_d11602